00721nam a2200217Ia 4500003000900000008004100009040001600050080001500066100002500081245005900106260003900165300001500204490005300219650002600272650001900298650002100317650002700338942000700365999001500372952011600387IN-BaIIA211028s9999 xx 000 0 eng d cIIA Library a538.3bTAT aTatarski, V. I94000 0aWave propagation in a turbulent mediumcV. I. Tatarski aNew YorkbDover Publicationsc1961 axiv, 285p. aDover books on physical and mathematical physics aElectromagnetism9540 aNASA Thesaurus aTurbulence92672 aWave propagation93418 cBK c3943d3943 00104070aBANbBANcGENd1972-08-08g23.62l0o538.3/ TATp4405r2021-11-05v23.62w1972-08-08yBKGRs. 23.62